U.S. Airports with Funny or Irregular Names - Statistics

General Stats
  • This quiz has been taken 77 times
  • The average score is 7 of 15
Answer Stats
Hint City % Correct
George Bush Intercontinental Houston
91%
Ronald Reagan National Washington
90%
Love Field Dallas
88%
Sky Harbor Phoenix
84%
Bill and Hillary Clinton National Little Rock
81%
Will Rogers World Oklahoma City
45%
YUM Yuma
38%
"Sunport" Albuquerque
36%
Eppley Airfield Omaha
33%
SUX Sioux City
33%
"Jetport" Portland, ME
32%
FAT Fresno
22%
Cherry Capital Traverse City
22%
KRAP Rapid City
12%
Deadhorse Prudhoe Bay, AK
7%
No matching quizzes found
Score Distribution
Percent of People with Each Score
Percentile by Number Answered
Your Score History
You have not taken this quiz